| 000 | 00827nam a22002057a 4500 | ||
|---|---|---|---|
| 005 | 20180416104156.0 | ||
| 010 | _aB-690788-789 | ||
| 020 |
_a9788180423444 _c400.00 |
||
| 035 | _aB-690788-789 | ||
| 037 |
_bModern Pub. House _adpl |
||
| 082 | _a921 | ||
| 100 | _aLotay, Rajinder Kaur | ||
| 245 |
_aThree great Indian stalwarts : _cby Rajinder Kaur Lotay _bRaja Ram Mohun Roy, Maulana Abdul Kalam Azad and Vinayak Damodar Veer Savarkar / |
||
| 260 |
_aNew Delhi _bModern Pub. House _c2016 |
||
| 270 |
_a9, Gole Market, Daryaganj, _bNew Delhi _e110002 |
||
| 300 |
_a144p. _c23cm(Hb) |
||
| 500 | _aBalidani | ||
| 942 |
_2ddc _cEN _mLOT _h921 |
||
| 999 |
_c151213 _d151213 |
||